000 006160000a22001810004500
003 MACL
005 20160331171419.0
008 160331b xxu||||| |||| 00| 0 eng d
040 _aMACL
_cMACL
041 _aHindi
082 _a333
100 _aपं नित्‍यानन्‍द मिश्रा
_949471
245 _aपर्यावरण संस्‍कृति प्रदूषण एवं संरक्षण
260 _bअल्‍मोडा बुक डिपो
_c2005
_aअल्‍मोडा
350 _a150
650 _aEnvironment
_949472
942 _cHIN
_k333
_2ddc
999 _c18513
_d18513